Memorias de Greta Garbo / (Record no. 28368)

MARC details
000 -LEADER
campo de control de longitud fija 00687nam a2200229 i 4500
001 - NÚMERO DE CONTROL
campo de control 28368
003 - IDENTIFICADOR DE NÚMERO DE CONTROL
campo de control ES-MaACL
005 - FECHA Y HORA DE LA ÚLTIMA TRANSACCIÓN
campo de control 20230906153837.0
007 - CAMPO FIJO DE DESCRIPCIÓN FÍSICA--INFORMACIÓN GENERAL
campo de control de longitud fija t|
008 - DATOS DE LONGITUD FIJA--INFORMACIÓN GENERAL
campo de control de longitud fija 030117s1956 sp f |||| |bspa d
100 1# - ENTRADA PRINCIPAL--NOMBRE DE PERSONA
Nombre de persona Bainbridge, John.
9 (RLIN) 24730
245 10 - MENCIÓN DEL TÍTULO
Título Memorias de Greta Garbo /
Mención de responsabilidad, etc. John Bainbridge ; [traducción directa del inglés por L. Sureda Guytó].
250 ## - MENCION DE EDICION
Mención de edición 1ª ed.
260 ## - PUBLICACIÓN, DISTRIBUCIÓN, ETC.
Lugar de publicación, distribución, etc. Barcelona :
Nombre del editor, distribuidor, etc. A.H.R.,
Fecha de publicación, distribución, etc. [1956] (
Fabricante Estampa)
300 ## - DESCRIPCIÓN FÍSICA
Extensión 342 p., 10 lám. ;
Dimensiones 22 cm.
490 1# - MENCIÓN DE SERIE
Mención de serie Amanecer
600 14 - PUNTO DE ACCESO ADICIONAL DE MATERIA--NOMBRE DE PERSONA
Nombre de persona Garbo, Greta (
Fechas asociadas al nombre 1905-1990)
9 (RLIN) 167685
700 1# - ENTRADA AGREGADA--NOMBRE PERSONAL
Nombre de persona Sureda, Leoncio.
9 (RLIN) 108817
830 0# - PUNTO DE ACCESO ADICIONAL DE SERIE-TÍTULO UNIFORME
Título uniforme Amanecer
9 (RLIN) 181036
852 ## - LOCALIZACIÓN
Ubicación ES-MaACL
Número de control de estantería C-11326
Holdings
Estatus retirado Estado de pérdida Estado de daño No para préstamo Biblioteca de origen Biblioteca actual Ubicación en estantería Fecha de adquisición Fuente de adquisición Total de préstamos Signatura topográfica completa Código de barras Visto por última vez Precio de reemplazo Tipo de ítem Koha
        Biblioteca del Ateneo de Madrid Biblioteca del Ateneo de Madrid Sala Palomar 17/01/2008     C-11326 1029287 23/02/2023 23/02/2023 Libro impreso